LEADER 01176nam a2200313 i 4500 001 991000744619707536 005 20020507173029.0 008 940603s1984 us ||| | eng 020 $a0387908811 035 $ab1075135x-39ule_inst 035 $aLE01301646$9ExL 040 $aDip.to Matematica$beng 082 0 $a515.7 084 $aAMS 31-XX 084 $aAMS 60J45 084 $aQA404.7.D66 100 1 $aDoob, Joseph L.$026308 245 10$aClassical potential theory and its probabilistic counterpart /$cJ. L. Doob 260 $aNew York ; Berlin :$bSpringer-Verlag,$cc1984 300 $axx, 846 p. ;$c24 cm 490 0 $aGrundlehren der mathematischen Wissenschaften = A series of comprehensive studies in mathematics,$x0072-7830 ;$v262 500 $aIncludes index 650 0$aPotential theory 907 $a.b1075135x$b23-02-17$c28-06-02 912 $a991000744619707536 945 $aLE013 31-XX DOO11 (1984)$g1$i2013000004808$lle013$o-$pE0.00$q-$rl$s- $t0$u3$v3$w3$x0$y.i10844387$z28-06-02 996 $aClassical potential theory and its probabilistic counterpart$9344452 997 $aUNISALENTO 998 $ale013$b01-01-94$cm$da $e-$feng$gus $h0$i1 LEADER 01230nas 2200373-a 450 001 9910145822303321 005 20240824213016.0 035 $a(CKB)991042754192568 035 $a(CONSER)sn-99009484- 035 $a(EXLCZ)99991042754192568 100 $a19991102b20002003 --- a 101 0 $aeng 182 $cc$2rdamedia 183 $acr$2rdacarrier 200 00$aJournal of cognitive liberties 210 $aDavis, CA $cCenter for Cognitive Liberty and Ethics$dc2000- 215 $a1 online resource 300 $aTitle from cover. 311 $aPrint version: Journal of cognitive liberties. (DLC)sn 99009484 (OCoLC)56532970 1527-3946 531 0 $aJ. cogn. lib. 606 $aIntellectual freedom$vPeriodicals 606 $aIntellectual freedom$2fast$3(OCoLC)fst00975768 606 $aMedication$2homoit$3https://homosaurus.org/v3/homoit0001007 608 $aPeriodicals.$2fast 615 0$aIntellectual freedom 615 7$aIntellectual freedom. 615 7$aMedication. 676 $a323 712 02$aCenter for Cognitive Liberty and Ethics. 906 $aJOURNAL 912 $a9910145822303321 920 $aexl_impl conversion 996 $aJournal of cognitive liberties$92080902 997 $aUNINA